Research programme 1981-85

Bibliographic Details
Corporate Authors: FOREST Research Institute, Institut Penyelidikan Perhutanan Malaysia (FRIM)
Format: Book
Published: Kuala Lumpur : Forestry Department Peninsular Malaysia , 1981
Series:Research pamphlet ; no. 82
Subjects:

MARC

LEADER 00000cam a2200000 7i4500
001 0000002990
005 20040329.0
090 0 0 |a RP 634.9   |b FRI 1981 
110 1 0 |a FOREST Research Institute 
245 1 0 |a Research programme 1981-85 
260 0 0 |a Kuala Lumpur :   |b Forestry Department Peninsular Malaysia ,   |c 1981 
300 |a iii, 105 p. ;   |c 30 cm. 
440 0 0 |a Research pamphlet ; no. 82 
650 0 0 |a Forests and forestry 
710 1 1 |a Institut Penyelidikan Perhutanan Malaysia (FRIM) 
998 |a JPSM 
999 |a 0000005266   |b Monograph   |c Open Shelf   |e Default branch 
999 |a 0000005267   |b Monograph   |c Open Shelf   |e Default branch 
999 |a 0000005268   |b Monograph   |c Open Shelf   |e Default branch